This Is The Hardest Marvel Trivia Quiz You Will Ever Take In - Statistics

General Stats
  • This quiz has been taken 2,517 times
  • The average score is 9 of 15
Answer Stats
Question Answer % Correct
What branch of the US Military was Carol Danvers a part of before losing her memory? The Air Force
91%
What planet does Hulk reach after the events of Avengers: Age of Ultron? Sakaar
87%
Who helps Tony Stark escape from the cave in the first film? Ho Yinsen
82%
What is the name of Black Widow's father? Ivan
74%
In which movie did Hawkeye first appear? Thor
68%
Which infinity stone was War Machine assigned to retrieve in Avengers: Endgame? Power Stone
67%
Which infinity stone was placed in Vision's head? Mind Stone
64%
What was Captain America's elite unit known as? The Howling Commandos
64%
What is the name of Falcon's drone? Redwing
61%
What were Thor's last words to Loki? "You really are the worst brother."
57%
How many suits has Spider-Man had in the MCU so far? Five
56%
Where was Wanda when the Black Order attacked her in Avengers: Infinity War? Edinburgh
40%
For how many hours was Doctor Strange waiting outside Kamar Taj to be called? 5 Hours
34%
What subject does Scott Lang have a masters degree in? Electrical Engineering
34%
Which of these words is not in Bucky's HYDRA programming? Jailbreak
29%
No matching quizzes found
Score Distribution
Percent of People with Each Score
Percentile by Number Answered
Your Score History
You have not taken this quiz